| 000 | 00943cam a2200181 4500 | ||
|---|---|---|---|
| 001 | ABS66901 | ||
| 008 | 030811n2003 000 0 eng u | ||
| 035 | _a(Sirsi) u123257 | ||
| 100 | _aBooty, F. | ||
| 245 | _aStrategic facilities planning | ||
| 260 | _c2003 | ||
| 490 |
_aRICS Facilities Management Faculty Feature _v8 July 2003 (6) |
||
| 520 | _aFeature discussing strategic facilities planning which is defined as combining real estate, architecture and business to help clients answer both physical and organisational questions. Emphasises that strategic facilities planning is not the same as facilities planning, facilities management, programming or workplace design, although it includes elements of all four. Provides a road map for the successful completion of a strategic facilities planning project. | ||
| 590 | _aABS | ||
| 650 | _aSTRATEGIC FACILITIES PLANNING | ||
| 690 | _aMANAGEMENT-FACILITIES MANAGEMENT | ||
| 942 | _n0 | ||
| 999 |
_c73209 _d73209 |
||